000 01331nam0a22002771 4500
001 rc\3518931
005 20130115143110.6
021 _aRU
_b[73-55816]
035 _a(NLR Aleph) 007622307
090 _a5933324
_c5933324
100 _a20130115d1973 |||y0rusy50 ca
101 0 _arus
102 _aRU
105 _aa z |||||
200 1 _aИзбранное
_f[Вступ. статья К. Паустовского
210 _aКишинев
_cКартя молдовеняскэ
_d1973]
215 _a799 с.
_cил.
_d21
327 0 _aСодерж.: Танька; Кастрюк; В поле; Антоновские яблоки; Деревня; Хорошая жизнь; Сверчок; Суходол; Веселый двор; Захар Воробьев, и др. произведения
464 0 _12001#$aТанька$aКастрюк$aВ поле$aАнтоновские яблоки$aДеревня$aХорошая жизнь$aСверчок$aСуходол$aВеселый двор$aЗахар Воробьев
700 1 _aБунин
_bИ. А.
_f1870-1953
_gИван Алексеевич
702 1 _aПаустовский
_bК. Г.
_f1892-1968
_gКонстантин Георгиевич
_4080
801 0 _aRU
_bNLR
_gpsbo
801 1 _aRU
_bELAR
_2rusmarc
852 _aNLR
_j73-3/4829
942 _cBOOK
980 _aNB